00726nam a2200169 a 450000100100000000500170001000800410002704000250006824501070009326000680020030000270026870000490029570000410034471000490038595201050043499900170053900003995020201002033828.0130731s1996 dr 000 0 spa d aDO-SdBNPbspacBNPHU00aInvestigaciones agropecuarias 1985-1995 /cprólogo Francisco Miguel González, Juan Díaz Gómez. aSanto Domingo, :bSecretaría de Estado de Agricultura,c1996. a73 p. :bil. ;c18 cm.1 aGonzález, Francisco Miguelepról.9661661 aDíaz Gómez, Juanepról.9541852 aSecretaría de Estado de Agricultura916449 0010718PDaPDbPDcCTd2013-07-31iLF1l0o p39950-10r2020-06-25w2020-06-25yLFPDZNo se presta c39440d39440